000 00687nam a2200229Ia 4500
003 GCL
008 140319s9999 xx 000 0 ara d
040 _aGCL /
_cGCL
082 0 4 _a822.009
_bا ت
100 1 _aاحمد سخسوخ
245 1 0 _aتجارب شكسبيرية /
_cاحمد سخسوخ
260 _a[S.N] :
_bمكتبة مدبولى ،
_c1991
300 _a211 ص
490 _a
650 0 4 _aالاخراج المسرحى
650 0 4 _aالتمثيل المسرحى
650 0 4 _aالمسرح الانجليزى
650 0 4 _aالمسرحيات الانجليزية
650 0 4 _aتاريخ ونقد
650 0 4 _aشكسبير، ويليام
942 _2ddc
_cBK
999 _c57573
_d57573